[Event "Ch Switzerland"]
[Site "masterchessopen.com Switzerland"]
[Round "0"]
[White "Preissmann Emmanuel (SUI)"]
[Black "Huss Andreas (SUI)"]
[Result "1-0"]
[WhiteElo "2286"]
[BlackElo "2390"]

1.d4 e6 2.c4 Nf6 3.Nc3 Bb4 4.e3 b6 5.Ne2 Ba6 6.a3 Bxc3+ 7.Nxc3 d5 8.Qf3 O-O
9.cxd5 exd5 10.Bxa6 Nxa6 11.O-O c6 12.Bd2 Nc7 13.Rac1 Qd7 14.Rc2 Rac8 15.Rfc1
Rfe8 16.Na2 Re6 17.Nb4 Ne4 18.Be1 c5 19.dxc5 bxc5 20.Nd3 c4 21.Nf4 Rf6 22.Qd1
Nc5 23.Rd2 Rxf4 24.exf4 Qf5 25.Rcc2 Nb3 26.Re2 Qxf4 27.Bd2 Qf6 28.Rc3 Nd4
29.Re1 Nce6 30.Qa4 Qd8 31.Rce3 Nb3 32.Rxb3 Nc5 33.Qxa7 Nxb3 34.Bb4 d4 35.Re7
Qd5 36.Qc7 Qf5 37.Qxc4 Na1 38.Qxd4 Nc2 39.Qd2 h6 40.Bc3 Na1 41.Qd1 Nc2 42.Re5
Qg6 43.Qd7 Rc4 44.h3 Nxa3 45.Re3 Qb1+ 46.Kh2 Qc1 47.Re8+ {#r} 1-0

[Event "Memorial G.Agzamov"]
[Site "masterchessopen.com Tashkent (Uzbekistan)"]
[Round "0"]
[White "Kantsler Boris (ISR)"]
[Black "Ruderfer Mark B (RUS)"]
[Result "1-0"]
[WhiteElo "2422"]
[BlackElo "2290"]

1.d4 Nf6 2.c4 e6 3.Nc3 Bb4 4.e3 b6 5.Ne2 Ba6 6.a3 Bxc3+ 7.Nxc3 d5 8.Qf3 O-O
9.Be2 c6 10.b3 Nbd7 11.O-O dxc4 12.bxc4 c5 13.a4 e5 14.d5 Ne8 15.e4 Nd6 16.Nb5
Bxb5 17.axb5 Qc8 18.Bd3 a6 19.Qh3 f5 20.exf5 Nf6 21.bxa6 Rxa6 22.Bb2 Rxa1
23.Rxa1 e4 24.Be2 Nxf5 25.Rd1 Nd6 26.Qe6+ Qxe6 27.dxe6 Nc8 28.h4 h6 29.Bxf6
Rxf6 30.Rd7 Kh7 31.Bg4 h5 32.Bh3 Kg6 33.g3 Rf3 34.Bg2 Rc3 35.Bxe4+ Kf6 36.Bd5
Ne7 37.Rd8 b5 38.f4 Kf5 39.Rd7 Kf6 40.Rd8 Kf5 41.Re8 Ng6 42.Kf2 bxc4 43.Rf8+
{#r} 1-0

[Event "Tournament (team)"]
[Site "masterchessopen.com Aalborg (Denmark)"]
[Round "0"]
[White "Bern Ivar (NOR)"]
[Black "Olafsson Helgi (ISL)"]
[Result "0-1"]
[WhiteElo "2304"]
[BlackElo "2270"]

1.d4 Nf6 2.c4 e6 3.Nc3 Bb4 4.e3 b6 5.Ne2 Ba6 6.Ng3 Bxc3+ 7.bxc3 d5 8.Be2 Bxc4
9.Bxc4 dxc4 10.Qa4+ Qd7 11.Qxc4 Qc6 12.Qxc6+ Nxc6 13.e4 Na5 14.f3 Rc8 15.Bg5
c5 16.d5 Nd7 17.dxe6 fxe6 18.Rd1 c4 19.Nh5 Nc5 20.O-O Nd3 21.Be3 O-O 22.f4 Nc6
23.g4 b5 24.a3 a5 25.Bd2 Rfd8 26.Rb1 b4 27.axb4 axb4 28.f5 exf5 29.exf5 b3
30.f6 Nde5 31.Bg5 Nf7 32.Bc1 g6 33.Nf4 Rd6 34.g5 Nxg5 35.Nxg6 Nh3+ 36.Kg2 hxg6
37.f7+ Kg7 38.Kxh3 Rf8 39.Kg2 Rxf7 40.Bh6+ Kg8 41.Rfe1 Kh7 42.Bg5 Rd3 43.Re6
Na7 44.Rbe1 Rxc3 45.R1e4 b2 46.Rh4+ Kg8 47.Bh6 Rf2+ 48.Kxf2 b1=Q {#R} 0-1

[Event "It (open)"]
[Site "masterchessopen.com Biel (Switzerland)"]
[Round "0"]
[White "Bern Ivar (NOR)"]
[Black "Hess Ralf (GER)"]
[Result "0-1"]
[WhiteElo "2304"]
[BlackElo "2319"]

1.d4 Nf6 2.c4 e6 3.Nc3 Bb4 4.e3 b6 5.Ne2 Ba6 6.a3 Be7 7.Ng3 d5 8.b3 Bb7 9.cxd5
Nxd5 10.Nxd5 exd5 11.Bd3 g6 12.b4 Nd7 13.Qb3 c6 14.e4 dxe4 15.Bc4 O-O 16.Bh6
Nf6 17.Bxf8 Qxf8 18.O-O Bd6 19.Rfe1 Re8 20.h3 b5 21.Bf1 Qh6 22.Ra2 e3 23.Rd1
Qf4 24.Rd3 Nd5 25.Re2 Re4 26.Qc2 h5 27.Rb3 Re6 28.fxe3 Qxg3 29.e4 Qh2+ 30.Kf2
Rf6+ 31.Ke1 Bg3+ 32.Kd2 Rxf1 33.exd5 Bf4+ 34.Kc3 Rc1 35.dxc6 Bxc6 36.Kb2 Rxc2+
37.Rxc2 Be4 {#R} 0-1

[Event "It (open) \"]
[Site "masterchessopen.com Budapest (Hungary)"]
[Round "0"]
[White "Cardon Helmut (NED)"]
[Black "Meier Volker (GER)"]
[Result "1-0"]
[WhiteElo "2379"]
[BlackElo "2292"]

1.d4 Nf6 2.c4 e6 3.Nc3 Bb4 4.e3 b6 5.Ne2 Ba6 6.Ng3 c5 7.d5 Bxc3+ 8.bxc3 O-O
9.e4 Ne8 10.Bf4 d6 11.Be2 e5 12.Be3 Nd7 13.O-O g6 14.Qd2 Ng7 15.Bh6 Qe7 16.h4
f6 17.h5 Rf7 18.Kh2 f5 19.Bg5 Nf6 20.f4 fxe4 21.hxg6 hxg6 22.f5 gxf5 23.Nxf5
Nxf5 24.Rxf5 Raf8 25.Raf1 Kh8 26.Qe1 Kg8 27.Rxf6 Rxf6 28.Qh4 Kg7 29.Bxf6+ Rxf6
30.Qg5+ {#r} 1-0

[Event "It (open) \"]
[Site "masterchessopen.com Budapest (Hungary)"]
[Round "0"]
[White "Piskov Yury (RUS)"]
[Black "Rozentalis Eduardas (LTU)"]
[Result "0-1"]
[WhiteElo "2400"]
[BlackElo "2505"]

1.d4 Nf6 2.c4 e6 3.Nc3 Bb4 4.e3 b6 5.Ne2 Ba6 6.a3 Bxc3+ 7.Nxc3 d5 8.b3 O-O
9.Be2 c5 10.Bb2 cxd4 11.exd4 dxc4 12.bxc4 Nc6 13.Qa4 Na5 14.Nd1 Qd7 15.Qxd7
Nxd7 16.Ne3 Rac8 17.Rc1 Rc7 18.d5 Rfc8 19.dxe6 fxe6 20.Rd1 Nf6 21.Be5 Rd7
22.Rc1 Nd5 23.Bg4 Kf7 24.Bh5+ g6 25.Be2 Nxe3 26.fxe3 Bxc4 27.h4 Rdd8 28.h5
Bxe2 29.Kxe2 Nc4 30.Rcf1+ Kg8 31.Bf6 Rd2+ 32.Kf3 Rf8 33.Ke4 Rd5 {#R} 0-1

[Event "Ch Argentina"]
[Site "masterchessopen.com Buenos Aires (Argentina)"]
[Round "0"]
[White "Adla Diego (ARG)"]
[Black "Schuster Carlos (ARG)"]
[Result "0-1"]
[WhiteElo "2499"]
[BlackElo "2294"]

1.d4 Nf6 2.c4 e6 3.Nc3 Bb4 4.e3 b6 5.Ne2 Ba6 6.Ng3 c5 7.d5 exd5 8.cxd5 Bxf1
9.Kxf1 O-O 10.e4 d6 11.Bg5 h6 12.Bf4 Re8 13.Qf3 c4 14.Rd1 Nbd7 15.Nf5 Ne5
16.Bxe5 Rxe5 17.Qg3 Nh5 18.Qf3 Nf6 19.Qg3 Nh5 20.Qg4 Qg5 21.Qxg5 hxg5 22.g4
Nf4 23.f3 Ree8 24.Rc1 g6 25.Nd4 Nd3 26.Rc2 a6 27.Nc6 Kg7 28.Na4 b5 29.a3 Bc5
30.Nxc5 Nxc5 31.Ke2 Rh8 32.Ke3 Rh3 33.Kf2 Kf6 34.Kg2 Rah8 35.Kg1 Nd3 36.Nd4
Ke5 37.Nc6+ Kf4 38.Nd4 Ke3 39.Nc6 Rxf3 {#R} 0-1

[Event "It (open) \"]
[Site "masterchessopen.com Copenhagen (Denmark)"]
[Round "8"]
[White "Pieniazek Artur (POL)"]
[Black "Brynell Stellan (SWE)"]
[Result "0-1"]
[WhiteElo "2362"]
[BlackElo "2491"]

1.d4 Nf6 2.c4 e6 3.Nc3 Bb4 4.e3 b6 5.Ne2 Ba6 6.a3 Bxc3+ 7.Nxc3 d5 8.Be2 O-O
9.O-O Bxc4 10.Bxc4 dxc4 11.Qa4 Nbd7 12.Qxc4 c5 13.dxc5 Nxc5 14.Rd1 Qc8 15.b3
Nb7 16.Qxc8 Raxc8 17.Nb5 Ne4 18.Bd2 Nbc5 19.Bb4 a5 20.Bxc5 Rxc5 21.Nd6 Nc3
22.Rd2 Rd8 23.Kf1 Kf8 24.Ne4 Rxd2 25.Nxd2 a4 26.bxa4 Nxa4 27.Ke2 Ke7 28.Kd3
Nb2+ 29.Ke2 Rc2 30.Ke1 b5 31.f3 f5 32.h4 Kd6 33.Rb1 Kc5 34.g3 e5 35.Ra1 f4
36.gxf4 exf4 37.Ne4+ Kc4 38.exf4 Rh2 39.Nd6+ Kd5 40.Nxb5 Rh1+ 41.Kd2 Rxa1 {#R}
0-1

[Event "It (open)"]
[Site "masterchessopen.com Dortmund (Germany)"]
[Round "8"]
[White "Nickl Klaus (AUT)"]
[Black "Rapatinski Konstantin (GER)"]
[Result "1-0"]
[WhiteElo "2144"]
[BlackElo "2196"]

1.d4 Nf6 2.c4 e6 3.Nc3 Bb4 4.e3 b6 5.Ne2 Ba6 6.a3 Be7 7.Nf4 d5 8.cxd5 Bxf1
9.Kxf1 Nxd5 10.Qf3 c6 11.g3 Nd7 12.Kg2 Nxf4+ 13.Qxf4 Nf6 14.Rd1 Rc8 15.e4 O-O
16.Be3 Qc7 17.Rac1 Qxf4 18.Bxf4 Rfd8 19.f3 c5 20.Nb5 cxd4 21.Nxa7 Rxc1 22.Rxc1
Ne8 23.Nc8 Bc5 24.Na7 f6 25.b4 Bd6 26.Bxd6 Rxd6 27.Nc8 Rd8 28.Nxb6 Nd6 29.a4
e5 30.g4 Kf7 31.Rc7+ Ke6 32.Kf2 d3 33.Nd5 Ne8 34.Re7+ Kd6 35.Ke3 f5 36.gxf5 g6
37.Re6+ Kd7 38.Rxe5 Nd6 39.Re7+ Kc8 40.Kxd3 gxf5 41.Rxh7 {#r} 1-0

[Event "Ch France (team)"]
[Site "masterchessopen.com France"]
[Round "0"]
[White "Guigonis Dominique (FRA)"]
[Black "Levacic Damir (FRA)"]
[Result "1-0"]
[WhiteElo "2293"]
[BlackElo "2340"]

1.d4 Nf6 2.c4 e6 3.Nc3 Bb4 4.e3 b6 5.Ne2 Ba6 6.a3 Be7 7.Ng3 d5 8.Qa4+ c6
9.cxd5 Bxf1 10.Rxf1 exd5 11.b4 Qd7 12.Bb2 O-O 13.f3 a5 14.Kf2 h5 15.Rad1 h4
16.Nge2 b5 17.Qb3 axb4 18.axb4 Bd6 19.e4 dxe4 20.Nxe4 Nd5 21.Nc5 Qe7 22.g3 Na6
23.Rde1 Naxb4 24.Nc3 hxg3+ 25.hxg3 Bxg3+ 26.Kxg3 Qg5+ 27.Kf2 Qh4+ 28.Ke2 Rfe8+
29.N3e4 Ra2 30.Kd1 Qh2 31.Rf2 Qf4 32.Nd3 Nxd3 33.Qxd3 Rea8 34.Qb3 R8a4 35.Nc5
Rxd4+ 36.Nd3 Ne3+ 37.Rxe3 Qxe3 38.Bxd4 Qxd4 39.Rxa2 Qg1+ 40.Ne1 Qd4+ 41.Qd3
{#r} 1-0

[Event "It (open) \"]
[Site "masterchessopen.com Gausdal (Norway)"]
[Round "0"]
[White "Dive Russell John (NZL)"]
[Black "Westerinen Heikki M J (FIN)"]
[Result "0-1"]
[WhiteElo "2339"]
[BlackElo "2435"]

1.d4 Nf6 2.c4 e6 3.Nc3 Bb4 4.e3 b6 5.Ne2 Ba6 6.a3 Bxc3+ 7.Nxc3 d5 8.b3 O-O
9.Bd3 dxc4 10.bxc4 Nc6 11.O-O e5 12.Ne4 exd4 13.Bb2 Re8 14.Qc2 Ng4 15.Ng3 Nce5
16.Bxh7+ Kh8 17.Be4 Qh4 18.h3 dxe3 19.Nf5 exf2+ 20.Kh1 Qh5 21.Bxa8 Rxa8
22.Bxe5 Qxh3+ {#R} 0-1

[Event "Bundesliga 1989/90"]
[Site "masterchessopen.com Germany"]
[Round "0"]
[White "Vogel Robert (GER)"]
[Black "Bischoff Klaus (GER)"]
[Result "0-1"]
[WhiteElo "2256"]
[BlackElo "2500"]

1.d4 Nf6 2.c4 e6 3.Nc3 Bb4 4.e3 b6 5.Ne2 Ba6 6.Ng3 Bxc3+ 7.bxc3 d5 8.Qf3 O-O
9.cxd5 exd5 10.Bxa6 Nxa6 11.Qe2 Qc8 12.O-O c5 13.Ba3 Re8 14.f3 Re6 15.e4 cxd4
16.cxd4 g6 17.e5 Ne8 18.Rac1 Nac7 19.Qd2 Qd7 20.f4 f5 21.exf6 Rxf6 22.f5 gxf5
23.Nh5 Rg6 24.Rce1 Nd6 25.Bxd6 Qxd6 26.Rxf5 Rf8 27.Rxf8+ Qxf8 28.Rf1 Qe7
29.Qf2 Ne8 30.Qf3 Rd6 31.h3 Rd8 32.Rf2 Nc7 33.Re2 Qd6 34.Qg4+ Qg6 35.Qh4 Rf8
36.Re3 Qh6 37.Re7 Ne6 38.Rg7+ Nxg7 39.Nf6+ Qxf6 {#R} 0-1

[Event "It (open) \"]
[Site "masterchessopen.com London (England)"]
[Round "0"]
[White "Merriman John (ENG)"]
[Black "Crawley Gavin (ENG)"]
[Result "1-0"]
[WhiteElo "2253"]
[BlackElo "2380"]

1.d4 Nf6 2.c4 e6 3.Nc3 Bb4 4.e3 b6 5.Ne2 Ba6 6.a3 Bxc3+ 7.Nxc3 d5 8.Qf3 O-O
9.Be2 c5 10.dxc5 bxc5 11.O-O Nc6 12.cxd5 Bxe2 13.Nxe2 exd5 14.Bd2 Ne5 15.Qf5
Re8 16.Bc3 Qc8 17.Qxc8 Raxc8 18.Rfd1 c4 19.Nf4 Rcd8 20.h4 h6 21.Rac1 g5
22.hxg5 hxg5 23.Nh3 g4 24.Nf4 g3 25.f3 Rd6 26.e4 Kh7 27.exd5 Nfd7 28.Rd4 Rh6
29.Be1 Rg8 30.Rc2 Nc5 31.Ne2 Rg5 32.Bd2 Rg8 33.Bxh6 Kxh6 34.f4 Ng4 35.Rdxc4
Nd3 36.Rc6+ f6 37.Rd2 Ngf2 38.Nxg3 Rxg3 39.Rxf2 Nxf2 40.Kxf2 Rb3 41.Rxf6+ Kg7
42.Ra6 Rxb2+ 43.Kf3 Rd2 44.Rxa7+ {#r} 1-0

[Event "It"]
[Site "masterchessopen.com Lucerne (Switzerland)"]
[Round "24"]
[White "Landenbergue Claude (SUI)"]
[Black "Huss Andreas (SUI)"]
[Result "1-0"]
[WhiteElo "2397"]
[BlackElo "2308"]

1.c4 e6 2.d4 Nf6 3.Nc3 Bb4 4.e3 b6 5.Ne2 Ba6 6.Ng3 Bxc3+ 7.bxc3 d5 8.Qf3 O-O
9.cxd5 exd5 10.Bxa6 Nxa6 11.Qe2 Qc8 12.O-O c5 13.f3 Nc7 14.e4 Ne6 15.e5 Ne8
16.Qd3 N8c7 17.f4 cxd4 18.f5 Nc5 19.Qxd4 Nb5 20.Qg4 Kh8 21.Nh5 Rg8 22.Rf3 Ne4
23.Qh4 g5 24.Qg4 Nbxc3 25.Rh3 Qc4 26.Nf6 Rg7 27.Be3 Ne2+ 28.Kh1 Nf4 29.Rf3 Qc3
30.Rd1 Rc8 {#r} 1-0

[Event "Ch Manhattan Chess Club"]
[Site "masterchessopen.com New York (USA)"]
[Round "0"]
[White "Shapiro Daniel E (USA)"]
[Black "Ashley Maurice (USA)"]
[Result "0-1"]
[WhiteElo "2350"]
[BlackElo "2415"]

1.d4 Nf6 2.c4 e6 3.Nc3 Bb4 4.e3 b6 5.Ne2 Ba6 6.a3 Be7 7.Ng3 d5 8.Qa4+ c6
9.cxd5 Bxf1 10.Nxf1 Nxd5 11.Bd2 Nxc3 12.Bxc3 Qd5 13.f3 Bh4+ 14.Ke2 O-O 15.g3
Be7 16.Rd1 b5 17.Qc2 a5 18.e4 Qh5 19.Kf2 Nd7 20.Ne3 b4 21.axb4 axb4 22.Bd2 c5
23.dxc5 b3 24.Qxb3 Rab8 25.Qc2 Ne5 26.Ng4 Bxc5+ 27.Kg2 Nxf3 28.h3 Nd4 29.Qc1
Rfc8 30.Bc3 f5 31.Qh6 Qe8 32.Qg5 fxg4 33.Rxd4 Bxd4 34.Bxd4 Rc2+ 35.Kg1 Qd7
36.Qe5 Rbxb2 {#R} 0-1

[Event "It (open)"]
[Site "masterchessopen.com New York (USA)"]
[Round "0"]
[White "Pliester Leon (NED)"]
[Black "Hebert Jean (CAN)"]
[Result "0-1"]
[WhiteElo "2385"]
[BlackElo "2420"]

1.d4 Nf6 2.c4 e6 3.Nc3 Bb4 4.e3 b6 5.Ne2 Ba6 6.Ng3 c5 7.d5 exd5 8.cxd5 Bxf1
9.Kxf1 O-O 10.e4 Re8 11.Qf3 d6 12.Bf4 c4 13.a3 Bc5 14.Nf5 g6 15.Nh6+ Kg7 16.g4
Nbd7 17.h4 Ng8 18.h5 Nxh6 19.hxg6 fxg6 20.Qh3 Kg8 21.Qxh6 Qe7 22.Kg2 Rf8
23.Rh3 Rxf4 24.Qxf4 Rf8 25.Qd2 Rxf2+ 26.Qxf2 Bxf2 27.Kxf2 Qg5 {#R} 0-1

[Event "It \"]
[Site "masterchessopen.com Prague (Czech Republic)"]
[Round "6"]
[White "Kopicka Karel (CZE)"]
[Black "Zolnierowicz Krzysztof (POL)"]
[Result "0-1"]
[WhiteElo "2123"]
[BlackElo "2230"]

1.d4 Nf6 2.c4 e6 3.Nc3 Bb4 4.e3 b6 5.Ne2 Ba6 6.a3 Be7 7.Nf4 d5 8.cxd5 Bxf1
9.Kxf1 exd5 10.g4 c6 11.g5 Nfd7 12.h4 Nf8 13.Nh5 Ne6 14.f4 f5 15.Ng3 g6 16.h5
Kd7 17.b4 b5 18.Qf3 Kc7 19.Bd2 Kb7 20.Kg2 Nc7 21.Nce2 Nd7 22.Nc1 Nb6 23.Nd3
Nc4 24.Bc3 Bd6 25.Ne2 Qe7 26.Ne5 Bxe5 27.dxe5 Ne6 28.Bd4 h6 29.gxh6 g5 30.fxg5
Nxg5 31.Qxf5 Raf8 32.Qg4 Nxe5 33.Qg3 Ne4 34.Qxe5 Rhg8+ {#R} 0-1

[Event "It"]
[Site "masterchessopen.com Preston (England)"]
[Round "0"]
[White "Levitt Jonathan (ENG)"]
[Black "Wilder Michael (USA)"]
[Result "0-1"]
[WhiteElo "2475"]
[BlackElo "2540"]

1.d4 Nf6 2.c4 e6 3.Nc3 Bb4 4.e3 b6 5.Ne2 Ba6 6.Ng3 O-O 7.e4 c5 8.d5 d6 9.Bd2
exd5 10.cxd5 Bxf1 11.Kxf1 Re8 12.f3 a6 13.Nf5 c4 14.Qa4 Bc5 15.Qxc4 b5 16.Qb3
Nbd7 17.Qd1 g6 18.Ng3 Ba7 19.Bg5 Rc8 20.Qd2 Qa5 21.Nd1 Qxd2 22.Bxd2 Rc2 23.Bc3
h5 24.h4 Ne5 25.Ne2 b4 26.Nd4 bxc3 27.Nxc2 cxb2 28.Rb1 Nc4 29.Nc3 Rc8 30.Ke2
Na3 31.Rxb2 Rxc3 32.Kd2 Rxc2+ 33.Rxc2 Nxc2 34.Kxc2 Bf2 35.Rb1 Nd7 36.Rb7 Nc5
37.Rb6 Bg3 38.Kc3 Na4+ {#R} 0-1

[Event "Ch RLP (juniors) (under 20)"]
[Site "masterchessopen.com Rheinland-Pfalz (Germany)"]
[Round "1"]
[White "Volk A (RUS)"]
[Black "Becker Marcel (GER)"]
[Result "0-1"]
[WhiteElo "2200"]
[BlackElo "2353"]

1.d4 Nf6 2.c4 e6 3.Nc3 Bb4 4.e3 b6 5.Ne2 Ba6 6.a3 Bxc3+ 7.Nxc3 d5 8.b3 O-O
9.Bd3 dxc4 10.bxc4 Nc6 11.Qc2 e5 12.d5 Na5 13.Nb1 c6 14.dxc6 Qc7 15.Nd2 Rad8
16.O-O Qxc6 17.Bb2 Qd6 18.Bxe5 Qxd3 19.Qxd3 Rxd3 20.Nf3 Bxc4 21.Rfc1 Nb3
22.Ne1 Nxc1 23.Rxc1 b5 24.Nxd3 Bxd3 25.Rc7 a5 26.Ra7 a4 27.Bd6 Rc8 28.f3 h5
29.e4 Rc1+ 30.Kf2 Bxe4 {#R} 0-1

[Event "It (cat.8)"]
[Site "masterchessopen.com Toronto (Canada)"]
[Round "5"]
[White "Nickoloff Bryon (CAN)"]
[Black "Hebert Jean (CAN)"]
[Result "1-0"]
[WhiteElo "2420"]
[BlackElo "2420"]

1.d4 Nf6 2.c4 e6 3.Nc3 Bb4 4.e3 b6 5.Ne2 Ba6 6.a3 Bxc3+ 7.Nxc3 d5 8.b3 Nc6
9.a4 dxc4 10.bxc4 Na5 11.Nb5 c6 12.Na3 Qe7 13.Bd3 O-O 14.O-O c5 15.Nb5 Rfd8
16.Bb2 Rac8 17.Rc1 Nc6 18.d5 exd5 19.Bxf6 Qxf6 20.cxd5 Nb4 21.e4 Bxb5 22.Bxb5
a6 23.Bc4 Qe5 24.Re1 Qe8 25.Bf1 Kh8 26.Qb3 Qe5 27.Rcd1 f5 28.exf5 Qxf5 29.d6
Rf8 30.Qg3 Rcd8 31.Re7 Rf7 32.Rxf7 Qxf7 33.d7 h6 34.Qc7 Qe7 35.Rd2 Kh7 36.Rd1
Qf6 37.h3 Qe7 38.Bc4 Qf6 39.Be2 Kh8 40.Rd6 Qe7 41.Rd2 Kh7 42.Kh2 Qf6 43.Bf3 b5
44.Re2 Qf8 45.Be4+ g6 46.Qg3 {#r} 1-0

[Event "Tournament"]
[Site "masterchessopen.com Buenos Aires (Argentina)"]
[Round "6"]
[White "Tempone Marcelo (ARG)"]
[Black "Debarnot Roberto (ARG)"]
[Result "0-1"]
[WhiteElo "2411"]
[BlackElo "2355"]

1.d4 Nf6 2.c4 e6 3.Nc3 Bb4 4.e3 b6 5.Ne2 Ba6 6.a3 Be7 7.Ng3 d5 8.b3 O-O 9.e4
dxe4 10.Ngxe4 Nxe4 11.Nxe4 Bb7 12.Qd3 f5 13.Nd2 Bf6 14.Bb2 c5 15.Nf3 Be4
16.Qe3 Nc6 17.O-O-O Bxf3 18.Qxe6+ Kh8 19.gxf3 Nxd4 20.Bxd4 Bxd4 21.Bd3 Qh4
22.Rhe1 Rad8 23.Kc2 Qxh2 24.Bxf5 Rxf5 25.Rxd4 Qxf2+ 26.Re2 Qxd4 {#R} 0-1

[Event "It \"]
[Site "masterchessopen.com Gausdal (Norway)"]
[Round "0"]
[White "Grotnes Nils (NOR)"]
[Black "Inkiov Ventzislav (BUL)"]
[Result "0-1"]
[WhiteElo "2193"]
[BlackElo "2465"]

1.d4 Nf6 2.c4 e6 3.Nc3 Bb4 4.e3 b6 5.Ne2 Ba6 6.a3 Be7 7.Nf4 d5 8.cxd5 Bxf1
9.Kxf1 Nxd5 10.e4 Nxf4 11.Bxf4 O-O 12.Rc1 Qd7 13.Qa4 c6 14.Rd1 Qb7 15.d5 cxd5
16.exd5 Bf6 17.Nb5 Nd7 18.Bd6 Nc5 19.Bxc5 bxc5 20.dxe6 fxe6 21.Qc4 Kh8 22.Nd6
Qxb2 23.Qxc5 Be7 24.f3 Rad8 25.Qc7 Bxd6 26.Rxd6 Rxd6 27.Qxd6 Rc8 {#R} 0-1

[Event "It (open)"]
[Site "masterchessopen.com Sas Van Gent (Netherlands)"]
[Round "2"]
[White "Skalik Przemyslaw (POL)"]
[Black "Roberts Mark (ENG)"]
[Result "1-0"]
[WhiteElo "2300"]
[BlackElo "2076"]

1.d4 Nf6 2.c4 e6 3.Nc3 Bb4 4.e3 b6 5.Ne2 Ba6 6.a3 Be7 7.Nf4 d5 8.b3 O-O 9.Be2
Bb7 10.O-O dxc4 11.bxc4 c5 12.d5 exd5 13.Nfxd5 Nc6 14.Qc2 Re8 15.Rd1 Qb8
16.Bb2 Nxd5 17.Nxd5 Bd6 18.f4 Nd4 19.exd4 Bxd5 20.cxd5 Bxf4 21.Bb5 Bxh2+
22.Kh1 Bg3 23.Bxe8 Qf4 24.Bd7 Qh4+ 25.Bh3 g5 26.Qf5 {#r} 1-0

[Event "It (open)"]
[Site "masterchessopen.com Zurich (Switzerland)"]
[Round "0"]
[White "Mascarinas Rico (PHI)"]
[Black "Gnauk Reinhard (GER)"]
[Result "1-0"]
[WhiteElo "2470"]
[BlackElo "2173"]

1.d4 Nf6 2.c4 e6 3.Nc3 Bb4 4.e3 b6 5.Ne2 Ba6 6.Qa4 Bxc3+ 7.Nxc3 O-O 8.Be2 d5
9.b3 c6 10.O-O Re8 11.Rd1 Bb7 12.Qa3 Qc7 13.Bb2 Nbd7 14.Rac1 Qb8 15.Bf3 dxc4
16.bxc4 e5 17.c5 exd4 18.exd4 bxc5 19.dxc5 Ne5 20.Be2 a5 21.Ba1 Ba6 22.Bxa6
Rxa6 23.Rb1 Qc7 24.Na4 Ne4 25.f3 Nf6 26.Nb6 Ned7 27.Nxd7 Nxd7 28.Rxd7 Qxd7
29.Qc3 f6 30.Qc4+ Qd5 31.Qxa6 Qxc5+ 32.Kf1 Qc2 33.Qb6 Qxa2 34.Qb3+ Qxb3
35.Rxb3 Rd8 36.Ke2 Rd5 37.Bc3 Kf7 38.Ra3 Rc5 39.Bxa5 Rc2+ 40.Bd2 {#r} 1-0

[Event "It"]
[Site "masterchessopen.com Bellinge (Denmark)"]
[Round "7"]
[White "Rendboe John (DEN)"]
[Black "Jepsen Thomas (DEN)"]
[Result "0-1"]
[WhiteElo "2242"]
[BlackElo "2117"]

1.d4 Nf6 2.c4 e6 3.Nc3 Bb4 4.e3 b6 5.Ne2 Ba6 6.a3 Be7 7.Nf4 O-O 8.e4 d6 9.d5
e5 10.Nh3 Bc8 11.g3 Ne8 12.Bg2 f5 13.exf5 Bxf5 14.O-O Nd7 15.g4 Bg6 16.f4 exf4
17.Nxf4 Ne5 18.Nxg6 Rxf1+ 19.Qxf1 Nxg6 20.Be3 Nf6 21.h3 Nd7 22.Nb5 Bf6 23.Nd4
Bxd4 24.Bxd4 Qg5 25.Qc1 Nf4 26.Be3 Rf8 27.Qd2 Qe5 28.Bxf4 Rxf4 29.Re1 Qf6
30.Re8+ Kf7 31.Qe2 Ne5 32.Re6 Qh4 33.Qe3 Qg5 34.Qe2 Rxc4 35.Qf1+ Qf4 36.Qxf4+
Rxf4 37.g5 Nf3+ 38.Bxf3 Rxf3 39.Kg2 Rf5 40.h4 Rxd5 41.Re2 Re5 42.Rc2 c5
43.Rf2+ Ke7 {#R} 0-1

[Event "It (open)"]
[Site "masterchessopen.com Clichy (France)"]
[Round "8"]
[White "Petursson Margeir (ISL)"]
[Black "Seul Georg (GER)"]
[Result "0-1"]
[WhiteElo "2540"]
[BlackElo "2443"]

1.d4 Nf6 2.c4 e6 3.Nc3 Bb4 4.e3 b6 5.Ne2 Ba6 6.a3 Bxc3+ 7.Nxc3 d5 8.b3 O-O
9.a4 Nc6 10.Ba3 Re8 11.Be2 e5 12.dxe5 Nxe5 13.Nxd5 Nxd5 14.cxd5 Bxe2 15.Kxe2
Qg5 16.Kf1 Rad8 17.Qd2 Ng4 18.Rd1 Qf5 19.e4 Rxe4 20.f3 Ne3+ 21.Kg1 Rxd5
22.Qxd5 Nxd5 23.fxe4 Qxe4 24.Bc1 Qe2 25.Rf1 Ne3 26.Bxe3 Qxe3+ 27.Rf2 Qxb3
28.h4 Qxa4 29.Rh3 Qd1+ 30.Kh2 Qd6+ 31.Kg1 h5 32.Rff3 Qd4+ 33.Kh2 a5 34.Rd3
Qf4+ 35.Kg1 g6 36.Rhf3 Qxh4 37.Rd7 Qc4 {#R} 0-1

[Event "It (open)"]
[Site "masterchessopen.com Dublin (Ireland)"]
[Round "0"]
[White "Sadler Matthew (ENG)"]
[Black "Wells Peter K (ENG)"]
[Result "0-1"]
[WhiteElo "2440"]
[BlackElo "2460"]

1.d4 Nf6 2.c4 e6 3.Nc3 Bb4 4.e3 b6 5.Ne2 Ba6 6.a3 Be7 7.Nf4 d5 8.Qf3 c6 9.b3
O-O 10.Bb2 Bd6 11.Bd3 Re8 12.O-O Nbd7 13.cxd5 Bxd3 14.Nxd3 exd5 15.Qd1 Ne4
16.Ne2 Rc8 17.Nef4 Qh4 18.Rc1 Qh6 19.g3 g5 20.Ng2 Qh3 21.f3 Nxg3 22.hxg3 Bxg3
23.Rf2 Bh2+ 24.Kf1 Rxe3 25.Re2 Rxf3+ 26.Nf2 Bf4 27.Re7 Qh1+ 28.Ke2 Qxg2 29.Qg1
Qxg1 30.Rxg1 Rxb3 31.Nd3 Nf6 32.Bc1 Bxc1 33.Nxc1 Rb2+ 34.Kf3 h6 35.Re5 Ne4
36.Ne2 f5 37.Rh1 Rb3+ 38.Kg2 f4 39.Nc1 Rb2+ 40.Kf3 Rf2+ 41.Kg4 h5+ 42.Kxh5
Ng3+ 43.Kg6 Nxh1 44.Nd3 Rd8 {#R} 0-1

[Event "It (open)"]
[Site "masterchessopen.com Forli (Italy)"]
[Round "0"]
[White "Pompa Alessandro (ITA)"]
[Black "Becker Marcel (GER)"]
[Result "0-1"]
[WhiteElo "2070"]
[BlackElo "2353"]

1.d4 Nf6 2.c4 e6 3.Nc3 Bb4 4.e3 b6 5.Ne2 Ba6 6.a3 Bxc3+ 7.Nxc3 d5 8.b3 O-O
9.Bd3 dxc4 10.bxc4 Nc6 11.Qe2 e5 12.d5 Na5 13.Bb2 Nd7 14.Nb5 Nc5 15.Rd1 Nxd3+
16.Qxd3 c6 17.Bxe5 cxb5 18.cxb5 Bb7 19.O-O Rc8 20.e4 Nc4 21.Bc3 Re8 22.Qd4 f6
23.Bb4 Nd6 24.Bxd6 Qxd6 25.f4 Rc5 26.Qa4 Qd7 27.Rfe1 f5 28.Qxa7 fxe4 29.Qxb6
Rxb5 30.Qf2 Rxd5 31.Rxd5 Qxd5 32.Re3 Rf8 33.h4 Qd1+ 34.Kh2 Qg4 35.g3 Rd8
36.Qa2+ Kh8 37.Qc2 h6 38.Kg2 Rd3 39.Qf2 Qd1 40.Rxd3 exd3+ 41.Kh3 Qh1+ 42.Kg4
Bc8+ {#R} 0-1

[Event "Regionalliga North South"]
[Site "masterchessopen.com Germany"]
[Round "0"]
[White "Hoerstmann Rudi (GER)"]
[Black "Stabolewski Andreas (GER)"]
[Result "1-0"]
[WhiteElo "2214"]
[BlackElo "2267"]

1.d4 Nf6 2.c4 e6 3.Nc3 Bb4 4.e3 b6 5.Ne2 Ba6 6.Ng3 O-O 7.Qb3 Nc6 8.Bd2 Re8
9.d5 exd5 10.cxd5 Bxf1 11.dxc6 Bxc3 12.Bxc3 Ba6 13.O-O-O Bc8 14.cxd7 Bxd7
15.Bxf6 Qxf6 16.Qc2 Be6 17.Kb1 Qe5 18.Rd4 c5 19.Rd2 h5 20.Ka1 g6 21.h3 Red8
22.Rhd1 Qf6 23.Ne4 Qe7 24.Qc3 Rxd2 25.Rxd2 Rd8 26.Nf6+ Kf8 27.Nh7+ Kg8 28.Nf6+
Kf8 29.Nxh5 Rd4 30.exd4 gxh5 31.dxc5 Qg5 32.Qh8+ Qg8 33.Rd8+ {#r} 1-0

[Event "It (cat.11)"]
[Site "masterchessopen.com London (England)"]
[Round "0"]
[White "Sadler Matthew (ENG)"]
[Black "Arkell Keith C (ENG)"]
[Result "1-0"]
[WhiteElo "2440"]
[BlackElo "2450"]

1.d4 Nf6 2.c4 e6 3.Nc3 Bb4 4.e3 b6 5.Ne2 Ba6 6.Ng3 O-O 7.e4 Nc6 8.Bd3 e5 9.d5
Bxc3+ 10.bxc3 Na5 11.Qe2 Ne8 12.Ba3 d6 13.O-O Nf6 14.f4 Nd7 15.f5 f6 16.Nh5
Nc5 17.Bxc5 bxc5 18.g4 Rb8 19.h4 g6 20.Ng3 Qd7 21.Rf2 Rf7 22.Raf1 Rbf8 23.g5
fxg5 24.hxg5 Qa4 25.Qg4 Bc8 26.Qh4 Rg7 27.Rh2 Qa3 28.fxg6 Rxf1+ 29.Bxf1 Qxc3
30.Nh5 Qe3+ 31.Rf2 Rxg6 32.Nf6+ Rxf6 33.gxf6 Kf8 34.f7 Nb7 35.Qf6 Qg3+ 36.Bg2
{#r} 1-0